Účetnictví podniku informační zdroj podnikatelských rozhodnutí
Gespeichert in:
| 1. Verfasser: | |
|---|---|
| Format: | Buch |
| Sprache: | Tschechisch |
| Veröffentlicht: |
Praha
Eurolex Bohemia
2004
|
| Schriftenreihe: | Ekonomie
|
| Schlagworte: | |
| Tags: |
Keine Tags, Fügen Sie das erste Tag hinzu!
|
MARC
| LEADER | 00000nam$a2200000$$$4500 | ||
|---|---|---|---|
| 001 | 0040991 | ||
| 005 | 20240306141718.1 | ||
| 020 | |a 80-86861-01-5 | ||
| 041 | 0 | |a cze | |
| 044 | |a CZ | ||
| 245 | 1 | 0 | |a Účetnictví podniku |b informační zdroj podnikatelských rozhodnutí |c Martin Landa |
| 264 | 1 | |a Praha |b Eurolex Bohemia |c 2004 | |
| 300 | |a 467 s. | ||
| 490 | 1 | |a Ekonomie | |
| 830 | 0 | |a Ekonomie | |
| 610 | 2 | 0 | |a účtovníctvo |
| 610 | 2 | 0 | |a systémy účtovné |
| 610 | 2 | 0 | |a podnik |
| 610 | 2 | 0 | |a účtovníctvo finančné |
| 610 | 2 | 0 | |a závierka účtovná |
| 610 | 2 | 0 | |a aktíva |
| 610 | 2 | 0 | |a pasíva |
| 610 | 2 | 0 | |a majetok dlhodobý |
| 610 | 2 | 0 | |a zásoby |
| 610 | 2 | 0 | |a pohľadávky |
| 610 | 2 | 0 | |a majetok finančný |
| 610 | 2 | 0 | |a kapitál vlastný |
| 610 | 2 | 0 | |a rezervy |
| 610 | 2 | 0 | |a rezervy podnikové |
| 610 | 2 | 0 | |a záväzky podniku |
| 610 | 2 | 0 | |a výkazy finančné |
| 610 | 2 | 0 | |a cash flow |
| 610 | 2 | 0 | |a účtovníctvo manažérske |
| 610 | 2 | 0 | |a náklady |
| 610 | 2 | 0 | |a kalkulácia |
| 610 | 2 | 0 | |a plán podnikový |
| 610 | 2 | 0 | |a rozpočet podnikový |
| 100 | 1 | |a Landa, Martin | |